| 000 | 01052cab a2200313 4500 | ||
|---|---|---|---|
| 001 | ABS57314 | ||
| 008 | 090401t1997 xxu||||| |||| 00| 0 eng d | ||
| 035 | _a(Sirsi) u79955 | ||
| 041 | _aeng | ||
| 100 | _aMoore, L. | ||
| 245 | _aNo quick fix to cleaning up contamination | ||
| 260 | _c1997 | ||
| 350 | _a0 | ||
| 490 |
_aProperty Week _v60(4) 25 July 1997, 25(1) |
||
| 520 | _aExplains that whilst more commercial lease agreements are apportioning potential liabilities for remediation costs associated with a site, general repairing covenants were not intended to cover such liabilities. Reviews the Courts` approach to this grey area. | ||
| 650 | _aCLEAN-UP COSTS | ||
| 650 | _aCOMMERCIAL LEASES | ||
| 650 | _aCONTAMINATED LAND | ||
| 650 | _aENVIRONMENTAL LIABILITY | ||
| 650 | _aLIABILITY | ||
| 650 | _aREMEDIAL WORKS | ||
| 650 | _aREMEDIATION | ||
| 650 | _aREPAIRING COVENANTS | ||
| 650 | _aTENANTS | ||
| 690 | _aLANDLORD AND TENANT-BUSINESS TENANCIES | ||
| 700 | _aWeatherhogg, R. | ||
| 942 | _n0 | ||
| 948 | _c28/07/1997 | ||
| 999 |
_c50315 _d50315 |
||